Normal view
MARC view
- DATA MINING TECHNIQUES.DATA MINING
Entry Topical Term
001 - CONTROL NUMBER
- control field: 68536
003 - CONTROL NUMBER IDENTIFIER
- control field: NUST
005 - DATE AND TIME OF LATEST TRANSACTION
- control field: 20210628204049.0
008 - FIXED-LENGTH DATA ELEMENTS
- fixed length control field: 210628|| aca||aabn | a|a d
040 ## - CATALOGING SOURCE
- Original cataloging agency: NUST
- Transcribing agency: NUST
150 ## - HEADING--TOPICAL TERM
- Topical term or geographic name entry element: DATA MINING TECHNIQUES.DATA MINING
670 ## - SOURCE DATA FOUND
- Source citation: Work cat.: (NUST): Tsiptsis, Konstantinos , Chorianopoulos, Antonios 68535, Data mining techniques in crm , inside customer segmentation, 2009
